Prodovol'stvennyj kompleks strany

Salvato in:
Dettagli Bibliografici
Natura: Libro
Lingua:russo
Pubblicazione: Moskva Ekonomika 1983
Tags: Aggiungi Tag
Nessun Tag, puoi essere il primo ad aggiungerne!!

MARC

LEADER 00000nam a2200000 4500
001 c116022
005 20260128112725.6
041 0 |a rus 
044 |a RU 
245 1 0 |a Prodovol'stvennyj kompleks strany 
264 1 |a Moskva  |b Ekonomika  |c 1983 
300 |a 230 s.